Kant (Record no. 348469)

000 -LEADER
fixed length control field 00383cam a22001337a 4500
008 - FIXED-LENGTH DATA ELEMENTS--GENERAL INFORMATION
fixed length control field 180718b1977 xxu||||| |||| 00| 0 eng d
082 ## - DEWEY DECIMAL CLASSIFICATION NUMBER
Classification number B20 K135/K843
100 ## - MAIN ENTRY--PERSONAL NAME
Personal name Korner, S.
245 ## - TITLE STATEMENT
Title Kant
Statement of responsibility, etc. by S. Korner
260 ## - PUBLICATION, DISTRIBUTION, ETC.
Place of publication, distribution, etc. Harmondsworth
Name of publisher, distributor, etc. Pengiun
Date of publication, distribution, etc. 1977
300 ## - PHYSICAL DESCRIPTION
Extent 230p.
650 ## - SUBJECT ADDED ENTRY--TOPICAL TERM
Topical term or geographic name entry element Political Science- History - Germany
650 ## - SUBJECT ADDED ENTRY--TOPICAL TERM
Topical term or geographic name entry element Kant, Immanuel - Criticism and Interpretation
Holdings
Withdrawn status Lost status Damaged status Not for loan Permanent Location Current Location Date acquired Full call number Barcode Date last seen Price effective from Koha item type
        Indian Institute of Public Administration Indian Institute of Public Administration 1993-10-25 B20 K135/K843 53397 2018-07-21 2018-07-21 Book

Powered by Koha